000 01002cam a22003134a 4500
001 13397093
005 20170105102846.0
008 031106s2005 ohua b 001 0 eng
010 _a 2003115115
020 _a0324259697 (Pkg.)
020 _a0324226365 (Text)
035 _a(DLC) 2003115115
040 _aDLC
_cDLC
_dDLC
042 _apcc
043 _an-us---
050 0 0 _aHC103
_b.W34 2005
082 0 0 _a330.973
_222
100 1 _aWalton, Gary M.
245 1 0 _aHistory of the American economy /
_cGary M. Walton, Hugh Rockoff.
250 _a10th ed.
260 _aMason, Ohio :
_bThomson/South-Western,
_cc2005.
300 _axvii, 622 p. :
_bill. ;
_c27 cm.
504 _aIncludes bibliographical references and index.
651 0 _aUnited States
_xEconomic conditions.
700 1 _aRockoff, Hugh.
906 _a7
_bcbc
_corignew
_d3
_eepcn
_f20
_gy-gencatlg
942 _2ddc
_cBK
999 _c14049
_d14049